Diarios, 1898-1918 / (Record no. 185736)

MARC details
000 -LEADER
campo de control de longitud fija 00827nam a2200253 i 4500
001 - NÚMERO DE CONTROL
campo de control 185736
003 - IDENTIFICADOR DE NÚMERO DE CONTROL
campo de control SpMaBN
005 - FECHA Y HORA DE LA ÚLTIMA TRANSACCIÓN
campo de control 20250808040859.0
008 - DATOS DE LONGITUD FIJA--INFORMACIÓN GENERAL
campo de control de longitud fija 160804s1987 sp afo |||| |aspa d
020 ## - NÚMERO INTERNACIONAL ESTÁNDAR DEL LIBRO
Número Internacional Estándar del Libro 84-206-7061-8
080 ## - NÚMERO DE LA CLASIFICACIÓN DECIMAL UNIVERSAL
Número de la Clasificación Decimal Universal 929 Klee, Paul
080 ## - NÚMERO DE LA CLASIFICACIÓN DECIMAL UNIVERSAL
Número de la Clasificación Decimal Universal 75 Klee, Paul
100 1# - ENTRADA PRINCIPAL--NOMBRE DE PERSONA
Nombre de persona Klee, Paul.
9 (RLIN) 68190
245 10 - MENCIÓN DEL TÍTULO
Título Diarios, 1898-1918 /
Mención de responsabilidad, etc. Paul Klee ; edición y prólogo de Felix Klee ; versión española de Jas Reuter.
260 ## - PUBLICACIÓN, DISTRIBUCIÓN, ETC.
Lugar de publicación, distribución, etc. Madrid :
Nombre del editor, distribuidor, etc. Alianza Editorial,
Fecha de publicación, distribución, etc. [1987]
300 ## - DESCRIPCIÓN FÍSICA
Extensión 322 p., [16] p. de lám. fot. :
Otras características físicas il. ;
Dimensiones 23 cm.
490 1# - MENCIÓN DE SERIE
Mención de serie Alianza forma ;
Designación de volumen o secuencia 61
600 17 - PUNTO DE ACCESO ADICIONAL DE MATERIA--NOMBRE DE PERSONA
Nombre de persona Klee, Paul.
9 (RLIN) 68190
700 1# - ENTRADA AGREGADA--NOMBRE PERSONAL
Nombre de persona Klee, Felix.
9 (RLIN) 160340
700 1# - ENTRADA AGREGADA--NOMBRE PERSONAL
Nombre de persona Reuter, Jas.
9 (RLIN) 96381
830 00 - PUNTO DE ACCESO ADICIONAL DE SERIE-TÍTULO UNIFORME
Título uniforme Alianza forma
Designación de volumen o secuencia 61
9 (RLIN) 177869
852 ## - LOCALIZACIÓN
Ubicación ES-MaACL
Número de control de estantería L-30518
Nota libre . - Donat. Miguel A. Velasco
Holdings
Estatus retirado Estado de pérdida Estado de daño No para préstamo Biblioteca de origen Biblioteca actual Ubicación en estantería Fecha de adquisición Fuente de adquisición Total de préstamos Signatura topográfica completa Código de barras Visto por última vez Precio de reemplazo Tipo de ítem Koha
        Biblioteca del Ateneo de Madrid Biblioteca del Ateneo de Madrid Depósito 2 04/08/2016     L-30518 1195789 23/02/2023 23/02/2023 Libro impreso